000 00785nam a2200313Ia 4500
001 6985
005 20240113233951.0
007 ta
008 050702s1977 a g b000 u eng u
040 _aCotton College,Assam
041 _aeng
082 _a330
_bMy 995 Ec
100 _aMyint, H. .
245 0 _aThe Economics of the Developing Countries /
_cH. Myint.
_hTextual Documents
250 _a4th ed. /
260 _aBombay :
_bB.I. Publications ,
_c1977.
300 _a160p. :
_bill. ;
_c21cm .
504 _aIndex
653 _aEconomics
653 _aDeveloping Countries
653 _aPG-Economics
653 _aMS-Economics
942 _2ddc
_cBK
999 _c6972
_d6972